000 00443nam a22001697a 4500
005 20160513113133.0
008 160513b xxu||||| |||| 00| 0 eng d
020 _a81-297-0203-7
041 _aeng
082 _b1892
100 _aKen Laudon Jane Laudon
_9554
245 _aManagement Information System.
260 _aNew Delhi
_bPearson Education, Indian B. Patparganj,
_c2004
300 _a534
650 _aManagement
_9241
942 _cBK
999 _c722
_d722